| 000 | 00958nas a2200313 4500 | ||
|---|---|---|---|
| 001 | BR7406721 | ||
| 003 | BR-BrBNA | ||
| 005 | 20231205082749.0 | ||
| 007 | ta | ||
| 008 | 230509b bl.|||p| |||| 00| 00por d | ||
| 040 |
_aBR-BrBNA _bpor _cBiblioteca Nacional de Agricultura |
||
| 041 | _a(Pt) | ||
| 072 | _aL40; L50; L30 | ||
| 100 | 1 | _aPinto, G. | |
| 100 | 1 | _aMiraglia, T. | |
| 100 | 1 | _aNery, J.W. da C. | |
| 100 | 1 | _aGuedes, M.L. da C. | |
| 245 | 1 | _aHistoquimica da camada cortical das glandulas supra-renais de coelhos tratados com uma dieta rica em colesterol [Bahia, Brasil] | |
| 650 | _aFISIOLOGIA ANIMAL | ||
| 650 | _aHISTOQUIMICA | ||
| 650 | _aCOELHO | ||
| 650 | _aDIETA | ||
| 650 | _aTECIDO ANIMAL | ||
| 650 | _aCOLESTEROL | ||
| 650 | _aBAHIA | ||
| 773 | 0 |
_tBoletim do Instituto Biologico da Bahia (Brazil) _xISSN 0020-3661 _g(1974), v. 13(1) p. 34-45 _wBR7406721 |
|
| 909 |
_a202311 _bLúcia _c55 _dLúcia Elande |
||
| 942 |
_2AGRIS _n0 _cANA |
||
| 999 |
_c94078 _d94078 |
||